000 00539nmm a2200169Ia 4500
008 251105s9999||||xx |||||||||||||||||und||
020 _a8479086866
041 _aspa
100 _aMartín Llaguno, Marta
245 0 _aLa función de recuerdo de los medios de difusión
264 _a[Madrid, España] :
_bPublicaciones de la Universidad de Alicante,
_c2002
300 _a298 páginas
490 _aMG Monografías
650 _aMedia Studies (Journ., TV, etc)
856 _uhttps://public.digitaliapublishing.com/a/659
942 _cCF
999 _c73581
_d73581